00329nam a2200121Ia 4500008004100000041000800041082001200049100002500061245004500086260003300131300003200164365001100196240624s9999 xx 000 0 und d aeng a332 RAO aRAO KATURI NAGESWARA aGLOBAL IMBALANCES IN TRADE AND FINANCE I c2006aHyderabadbICFAI press aviii, : 201 : p. : cm. ; 23 cRSb50